Grassland invertebrates : ecology, influence on soil fertility and effects on plant growth

Αποθηκεύτηκε σε:
Λεπτομέρειες βιβλιογραφικής εγγραφής
Κύριος συγγραφέας: Curry, J. P.
Μορφή: Βιβλίο
Γλώσσα:English
Δημοσίευση: London : Chapman & Hall, c1994
Θέματα:
Ετικέτες: Προσθήκη ετικέτας
Δεν υπάρχουν, Καταχωρήστε ετικέτα πρώτοι!

MARC

LEADER 00000nam a2200000 i 4500
001 1/103702
008 000301s1994 eng d
020 |a 0-412-16520-1 
035 |l 10058573 
040 |a GR-MY-UA  |b gre  |e aacr 
041 0 |a eng 
082 0 |a 592.052643 
100 1 |a Curry, J. P. 
245 1 0 |a Grassland invertebrates :  |b ecology, influence on soil fertility and effects on plant growth /  |c J. P. Curry 
260 |a London :   |b Chapman & Hall,   |c c1994 
300 |a 437 p. 
504 |a Includes bibliographical references and index 
650 0 0 |a Grassland ecology. 
650 0 0 |a Grassland animals  |x Ecology. 
650 0 0 |a Invertebrates  |x Ecology. 
650 0 0 |a Pastures  |x Management. 
852 |a INST  |b LESVOS  |e 20000301  |h 592.052643 CUR  |p 005100020852  |q 005100020852  |t BK  |y 0 
901 |a BIBL1-2000-1 
909 |a Λ  |b 074143 
922 |a 1ΕΛΗ  |b 200001  |c ΚΠΣ/ΤΠ  |d GLORY 
950 |a 107-1999-12-21 
970 |a ΤΖΑΦΕΡΗ  |b ΕΥΑΓΓΕΛΙΑ  |z 2000/03/15